| 000 | 00907nam a2200265 i 4500 | ||
|---|---|---|---|
| 001 | 66856 | ||
| 003 | ES-MaACL | ||
| 005 | 20230906165850.0 | ||
| 007 | t| | ||
| 008 | 030905s2003 sp ||||0| spa d | ||
| 020 | _a84-87311-24-5 | ||
| 040 |
_aM-BN _bspa _cM-BN |
||
| 080 | _a929 Rebolledo, José Antonio | ||
| 100 | 1 |
_aGarcía Galán, Alejandro. _954633 |
|
| 245 | 1 | 0 |
_aJosé Antonio Rebolledo y Palma (1833-1895) / _cAlejandro García Galán ; prólogo de Federico Guerrero. |
| 260 |
_aMadrid : _bAsociación Cultural Beturia, _c2003. |
||
| 300 |
_a114 p. : _bil. ; _c22 cm. |
||
| 490 | 1 | _aExtremeños ilustres | |
| 600 | 1 | 4 |
_aRebolledo, José Antonio. _995708 |
| 700 | 1 |
_aGuerrero, Federico. _960541 |
|
| 710 | 2 |
_aAsociación Cultural Beturia. _91530 |
|
| 830 | 0 |
_aExtremeños ilustres _9183191 |
|
| 852 |
_aES-MaACL _jL-27334 _z. - Dedicatoria autógrafa del autor |
||
| 999 |
_c66856 _d66856 |
||